| 000 | 00844nam a2200253Ia 4500 | ||
|---|---|---|---|
| 003 | OSt | ||
| 005 | 20241028094524.0 | ||
| 008 | 210716s2009 xx 000 0 und d | ||
| 020 | _a9788131505663 | ||
| 040 | _cAIMIT LIBRARY | ||
| 041 | _aeng | ||
| 082 |
_a519.5 _21 _bBALJ |
||
| 100 |
_aBaldani, Jeffrey. _9183413 |
||
| 245 |
_aIntroduction to mathematical economics / _cJeffrey Baldani, James Bradfield and Robert W Turner. |
||
| 250 | _a1st ed. | ||
| 260 |
_aNew Delhi : _bCengage Learning India Pvt Ltd , _c2009. |
||
| 300 |
_a531p. ; _bPB _c25 cm |
||
| 650 |
_aMathematical economic applications _9183414 |
||
| 650 |
_aMultivariate calculus: theory _9183415 |
||
| 650 |
_aIntroduction to dynamics: theory _9183416 |
||
| 700 |
_aBradfield, James. _9183417 |
||
| 700 |
_aTurner, Robert W. _9183418 |
||
| 942 |
_2ddc _cBK _e1st _k519.5 BALJ |
||
| 999 |
_c206801 _d206801 |
||